Statistics for Biggest cities by population #1 Canada

Click here to take the quiz!

General Stats

  • This quiz has been taken 11 times
  • The average score is 6 of 10

Answer Stats

PopulationCity% Correct
6.7 MToronto
91%
1.5 MEdmonton
73%
2.6 MVancouver
73%
1.2 MCalgary
64%
1.4 MOttawa-Gatineau
64%
0.7 MQuebec City
64%
0.7 MWinnipeg, Manitoba
55%
0.5 MHamilton, Ontario
45%
1.7 MMontreal
45%
0.5 MKitchener-Cambridge-Waterloo
18%

Score Distribution

Percentile by Number Answered

Percent of People with Each Score

Your Score History

You have not taken this quiz